Statistiken für Wohin führt dich dein Weg?

Klicken Sie hier um das Quiz zu spielen!

Allgemein

  • Dieses Quiz wurde 389 mal gespielt
  • Das Durchschnittsergebnis liegt bei 20 aus 26

Antwortstatistiken

Start inHimmelsrichtungZielland% Korrekt
DeutschlandNordenDänemark
100%
SüdkoreaNordenNordkorea
100%
SchwedenWestenNorwegen
98%
FinnlandOstenRussland
96%
AndorraSüdenSpanien
92%
GriechenlandOstenTürkei
92%
UruguayNordenBrasilien
90%
ChileOstenArgentinien
89%
IndienWestenPakistan
84%
Dominikanische RepublikWestenHaiti
83%
KasachstanNordenRussland
83%
NepalSüdenIndien
80%
TunesienSüdostenLibyen
80%
NamibiaSüdenSüdafrika
80%
JemenNordenSaudi-Arabien
75%
ÄthiopienNordenEritrea
74%
ÄgyptenSüdenSudan
73%
ThailandWestenMyanmar
72%
LibanonNordenSyrien
70%
TogoWestenGhana
68%
KolumbienNordwestPanama
68%
BruneiSüdenMalaysia
61%
SurinameOstenFrankreich
60%
AngolaNordenD.R. Kongo
59%
IrakSüdenKuwait
57%
LiberiaOstenElfenbeinküste
53%

Verteilung der Resultate

Perzentil nach korrekt beantworteten Fragen

Anzahl Personen mit jedem Resultat

Ihre Resultats-Entwicklung

Sie haben dieses Quiz noch nicht gespielt